Combined Song Titles #1 - Statistics

General Stats
  • This quiz has been taken 86,989 times
  • The average score is 17 of 24
Answer Stats
Answer % Correct
Hotel {California} Girls
92%
Proud to be an {American} Idiot
92%
Friday I'm in {Love} the Way You Lie
88%
Born to be {Wild} Horses
85%
Uptown {Girl} on Fire
85%
Da Ya Think I'm {Sexy} And I Know It
84%
Jingle Bell {Rock} With You
84%
My Boyfriend's {Back} in Black
80%
Sweet Georgia {Brown} Eyed Girl
79%
Call Me {Maybe} I'm Amazed
75%
Beauty and a {Beat} It
71%
It's My {Party} in the U.S.A.
70%
Psycho {Killer} Queen
68%
I Will Possess Your {Heart} of Gold
67%
Silent {Night} Moves
66%
Welcome to the {Jungle} Boogie
65%
Electric {Feel} Good, Inc.
60%
Suck My {Kiss} From a Rose
58%
Let's Go {Crazy} in Love
57%
This is Why I'm {Hot} For Teacher
57%
Werewolves of {London} Calling
57%
Three Times a {Lady} Madonna
51%
Safety {Dance} With My Father
47%
Good Day {Sunshine} of Your Love
31%
No matching quizzes found
Score Distribution
Percent of People with Each Score
Percentile by Number Answered
Your Score History
You have not taken this quiz